| 000 | 00796nam a2200193Ia 4500 | ||
|---|---|---|---|
| 003 | 0 | ||
| 005 | 20250127143917.0 | ||
| 008 | 150126s9999 xx 000 0 und d | ||
| 050 |
_aPHS HC 59 _b.En59 2014 |
||
| 100 | _aEnriquez, Jaromir V. | ||
| 245 |
_aAdvancements of telecommunication during the industrial revolution that played an impact on today's Philippine society / _cJaromir V. Enriquez. |
||
| 260 |
_aLas PiƱas City, Philippines : _bSouthville International School and Colleges, _c2014. |
||
| 300 |
_a33 pages : _billustration ; _c28 cm. |
||
| 504 | _aIncludes bibliographical references. | ||
| 650 |
_aEconomic history _vIndustrial revolution _xInfluence. |
||
| 650 |
_aIndustrial revolution _vTechnological innovations. |
||
| 650 |
_aTelecommunication _vHistory. |
||
| 942 |
_2lcc _cPASS |
||
| 999 |
_c278660 _d278660 |
||